01666nam a2200253 a 450000100100000000500170001000800410002704000250006808200160009310000370010924500630014624600360020926000790024530000200032450001860034450400380053050503260056804900090089495201290090395201290103295201140116195201200127599900170139500001710620200929165026.0100317s1983 dr 001 0 spa d aDO-SdBNPbspacBNPHU axxxxbJ254t1 aviñas Román, Jaime A.92379610a2 temas de interés nacional /cJaime A. Viñas Román.13aDos temas de interés nacional aSanto Domingo :bAsociación de Dominicana de Ingeniero Agronomos,c1983. a41 p. ;c21 cm. aSimposio: investigación, extensión y transferencia tecnológica agropecuaria y las universidadas: las propuestas del presidente, celebrado en el recinto Santo Tomás de Aquino aIncluye bibliografía (p. 40-41)2 aPonencia del rector de la Universidad Nacional Pedro Henríquez Ureña /Jaime A. Viñas Román -- Investigación, extensión y capacitación agropecuarias y las universidades: importancia de la propuestas del presidente -- La contaminación ambiental : peligro que nos amenaza a todos -- /Jaime A. Viñas Roman . aBNPD 001054708DSaGRbGRcCTd2010-07-19iLF1l0oxxxx J254tp17106-50r2020-06-25te. 4w2020-06-25yLFDSZPréstamo en sala 001054708DSaGRbGRcCTd2010-07-19iLF1l0oxxxx J254tp17106-60r2020-06-25te. 3w2020-06-25yLFDSZPréstamo en sala 0010718PDaPDbPDcCTd2010-03-17iLF1l0oxxxx J254tp17106-10r2020-06-25w2020-06-25yLFPDZNo se presta 0010718PDaPDbPDcCTd2010-03-17iLF1l0oxxxx J254tp17106-20r2020-06-25te. 2w2020-06-25yLFPDZNo se presta c16632d16632